000 02737nam a22003617a 4500
001 0205683013
003 DO-SdBPM
005 20250530135121.0
007 0205683013
008 161206b1999 sp a 00| 0 spa d
020 _a8449411432 (Obra completa)
020 _a8449411440 (v.I)
020 _a8449411459 (v. II)
020 _a8449411467 (v. III)
040 _aDO-SdBPM
_bspa
_cBPMSU
082 _a808.83
_bF134b 2002
_222
245 0 0 _aFábulas :
_bBiblioteca infantil /
_ctextos Víctor M. Armenteros, Jaime Rovira; dirección, Carlos Gispert.
260 _aBarcelona, España :
_bOcéano Grupo Editorial,
_c2002.
300 _a3 v. :
_bil. ;
_c27 cm.
490 0 _aVer, oír y leer.
505 0 _gv. 1. Bíblia --
_tv.1. Bíblia --
505 0 _gv. 3. Cuentos --
_tv.3. Cuentos --
_tCaperucita roja --
_tEl patito feo --
_tEl gato con botas --
_tAladino y la Lámpara maravillosa --
_tEl príncipe feliz --
_tLa casita de chocolate --
_tBlancanieves y los siete enanitos --
_tLos viajes de Gulliver --
_tAlicia en el país de las maravillas --
_tLa princesa piel de asno --
_tPulgarcito y sus hermanos --
_tLas aventuras de Peter Pan --
_tLa cigarra y la hormiga --
_tCassette 2. La liebre y la tortuga --
_tLos tres creditos y el lobo feroz --
_tHistoria de la bella durmiente --
_tEl maravilloso vestido del emperador --
_tLa cenicienta --
_tBambi y sus amigos del Bosque --
_tRiquete, el del copete --
_tDumbo, el elefante que podía volar --
_tEl soldadito de plomo --
_tLos tres osos --
_tAlí Babá y los cuarenta ladrones --
_tLa gallina de los huevos de oro --
_tLa maravillosa historia de Pinocho --
_tAndrocles y el León.
505 0 _gv. 2. Fábulas.
_tv.2. Fábulas.
_tCassette 1
_tEl burro flautista --
_tEl pastor y las ovejas --
_tLa Asamblea de los ratones --
_tA margarita --
_tEl ciervo en la fuente --
_tLos cangrejos --
_tEl cultivo del Maíz --
_tEl león con su ejército --
_tAunque la mona se vista de seda --
_tPopol-vuh --
_tEl asno vestido con piel de León --
_tLa gata mujer --
_tLos músicos de Bremen --
_tCassette 2.
_t La lechera --
_tEl león y el ratón --
_tLos dos amigos y el oso --
_tBoca ancha --
_tEl flautista de Hamelin --
_tLa yerba mate --
_tEl ratón de campo y el de ciudad --
_tEl labrador y la providencia --
_tEl coyote y el zorrillo --
_tLa sirenita --
_tEl perro mirándose en el agua --
_tEl viento zonda --
_tLa mariposa y el caracol --
_tEl asno y el cochinillo.
590 _aInventariado, 2025/VM
650 _aFábulas
_vColecciones
700 1 _aGispert, Carlos,
_edirrector
700 1 _aArmenteros, Víctor M.
_etexto
700 1 _aRovira, Jaime
910 _aVMateo V. Control de calidad. BPMSU
942 _2ddc
_cBK
945 _aInventariado, 2018 /LP
956 _aLOPEREZ
_b10
_c20161206
_hBPMSU
999 _c12295
_d12295